Géographie par lettre - B - Statistiques

Statistiques générales
  • Ce quiz a été pris 272 fois
    246 depuis la dernière actualisation
  • Le résultat moyen est 15 sur 20
Statistiques - réponses
Questions Réponses % Correct
Quelle est la capitale de la Catalogne ? Barcelone
94%
Quelle ville est la capitale du Liban ? Beyrouth
94%
Quelle est la préfecture de la Haute-Corse ? Bastia
93%
Quel pays d'Amérique du Sud possède deux capitales ? Bolivie
93%
Quel pays s'appelle désormais le Myanmar ? Birmanie
92%
Quelle ville française est surnommée la "Capitale mondiale du vin" ? Bordeaux
91%
Quel pays a pour capitale la ville de Sarajevo ? Bosnie-Herzégovine
91%
Quelle ville s'appelle désormais Mumbaï ? Bombay
89%
Quelle ville du Nord-Ouest des Etats-Unis accueille la célèbre franchise des Celtic ? Boston
84%
Quel est le nom anglais de la capitale chinoise ? Beijing
82%
Quelle capitale est la plus peuplée d'Amérique du Sud ? Buenos Aires
81%
Quelle est la capitale de l'Irak ? Bagdad
80%
Dans quelle ville espagnole peut-on admirer le musée Guggenheim ? Bilbao
73%
Le dimanche à ______, c'est le jour du mariage. Bamako
67%
Quel pays, tout comme le Rwanda a connu la guerre dans les années 1990 ? Burundi
64%
Quel quartier de Lisbonne accueille le plus grand club de foot du pays ? Benfica
54%
Quel détroit permet de relier la mer de Marmara à la Mer Noire ? Bosphore
48%
Quelle ville est la capitale du Queensland ? Brisbane
43%
Quelle est l'ancienne capitale de ce pays ? Bujumbura
22%
Quelle ville indonésienne a été le théâtre de la réunion de pays nouvellement indépendants, en 1955 ? Bandung
18%
Aucun quiz correspondant
Distribution des résultats
% des personnes avec chaque résultat
Percentile par nombre de réponses
Votre historique - résultats
Vous n’avez pas pris ce quiz depuis la dernière actualisation